000 00620cam a22002411 4500
001 sa 68008196
003 DLC
005 20260227112530.0
008 950118s1967 ii 000 0 tamo
010 _asa 68008196
025 _aPL480:I-T-2102
035 _a(OCoLC)31852428
040 _aDLC
_cCU
_dCU
_dDLC
050 0 0 _aDS432.T3
_bS6
100 1 _aCōmacuntara Pāratiyār, Nāvalar Ca.,
_d1879-1959.
245 1 0 _aTamil̲um Tamil̲arum.
260 _c[1967]
300 _a159 p.
_c19 cm.
440 0 _aNāvalar ;
_v14
500 _aIn Tamil.
650 0 _aTamil (Indic people)
650 0 _aTamil philology.
999 _c82299
_d82299